Apollónova múza oslávila dvadsiatiny Javisko ovládli mladí tanečníci

Bibliographic Details
Main Author: Žilák, Ján, 1928-2009 (Author)
Corporate Author: Konzervatórium (Košice, Slovensko) (Author)
Format: Article
Language:Slovak
Subjects:

MARC

LEADER 00000nab a2200000 a 4500
001 vtls000892390
003 SK-MaSNL
005 20260302175925.0
008 040720e19940415xo 0 slo
035 |a KE1428 
040 |a KEVKJB  |b slo  |c KEVKJB  |e AACR2 
041 0 |a slo 
044 |a xo  |c SK 
080 |a 373.6  |2 1981 
080 |a 785.7  |2 1981 
100 1 |a Žilák, Ján,  |d 1928-2009  |4 aut  |9 133929 
245 1 0 |a Apollónova múza oslávila dvadsiatiny  |b Javisko ovládli mladí tanečníci 
610 2 7 |a Konzervatórium (Košice, Slovensko)  |2 KEVKJB  |9 29661 
650 0 7 |a oddelenie tanečné  |2 KEVKJB  |9 887066 
650 0 7 |a rokov 20  |2 KEVKJB  |9 883912 
650 0 7 |a programy slávnostné  |2 KEVKJB  |9 877531 
651 7 |a KE,  |2 KEVKJB  |9 877256 
651 7 |a KE,  |2 KEVKJB  |9 877256 
655 7 |a periodikum  |2 snkbucl  |9 29553 
710 2 |a Konzervatórium (Košice, Slovensko)  |4 aut  |9 29661 
773 0 8 |t Korzo  |g Roč. 1  |g Roč. 28, č.88, 15.4.1994, s. 14 
852 |a ZVYKNI  |b KIS3GCP 
999 |c 1408821  |d 1410751